Top 25 Kendrick Lamar Songs - Statistics

General Stats
  • This quiz has been taken 127 times
  • The average score is 16 of 25
Answer Stats
# Album Score Answer % Correct
5 good kid, m.A.A.d city 98 m.A.A.d city
90%
4 To Pimp A Butterfly 98 Alright
89%
9 To Pimp A Butterfly 97 i
83%
10 To Pimp A Butterfly 97 u
83%
6 good kid, m.A.A.d city 97 Money Trees
80%
8 To Pimp A Butterfly 97 King Kunta
76%
2 To Pimp A Butterfly 98 Wesley's Theory
76%
11 DAMN. 96 DUCKWORTH.
75%
23 good kid, m.A.A.d city 94 good kid
75%
1 good kid, m.A.A.d city 98 Sing About Me, I'm Dying of Thirst
74%
15 good kid, m.A.A.d city 95 Swimming Pools
70%
3 To Pimp A Butterfly 98 The Blacker the Berry
68%
20 good kid, m.A.A.d city 94 B*tch, Don't Kill My Vibe
65%
12 To Pimp A Butterfly 96 These Walls
65%
13 To Pimp A Butterfly 96 Mortal Man
63%
7 To Pimp A Butterfly 97 How Much A Dollar Cost
62%
21 Mr. Morale & The Big Steppers 94 United In Grief
56%
17 good kid, m.A.A.d city 95 The Art of Peer Pressure
55%
22 To Pimp A Butterfly 94 Institutionalized
54%
19 Mr. Morale & The Big Steppers 95 Father Time
52%
24 To Pimp A Butterfly 94 Complexion
46%
25 Section 80 94 HiiiPower
46%
18 Mr. Morale & The Big Steppers 95 Mother I Sober
42%
14 good kid, m.A.A.d city 96 The Recipe
42%
16 good kid, m.A.A.d city 95 Now or Never
28%
No matching quizzes found
Score Distribution
Percent of People with Each Score
Percentile by Number Answered
Your Score History
You have not taken this quiz